Statistics for Full Names of Football Players

Click here to take the quiz!

General Stats

  • This quiz has been taken 7,990 times
    (7,778 since last reset)
  • The average score is 22 of 28

Answer Stats

Player NationalityAnswerAnswer% Correct
ArgentineLionelMessi
96%
EnglishDavidBeckham
95%
PortugueseCristianoRonaldo
93%
EnglishWayneRooney
93%
ArgentineDiegoMaradona
91%
EnglishFrankLampard
91%
SwedishZlatanIbrahimović
90%
PortugueseLuisFigo
87%
BrazilianCarlosRoberto
86%
SpanishIkerCasillas
86%
CameroonianSamuelEto’o
85%
FrenchThierryHenry
82%
FrenchZinedineZidane
80%
DutchArjenRobben
79%
GermanOliverKahn
79%
BrazilianJuniorNeymar
74%
GermanGerdMüller
73%
ItalianGianluigiBuffon
73%
ItalianRobertoBaggio
73%
DutchCruyffJohan
69%
SpanishHernandezXavi
69%
FrenchMichelPlatini
69%
SpanishCarlesPuyol
68%
BrazilianRonaldoNazário “The Phenomenon”
68%
GermanBeckenbauerFranz
67%
ItalianAlessandroDel Piero
60%
ArgentineDi StéfanoAlfredo
54%
SpanishGonzalezRaul
50%

Score Distribution

Percentile by Number Answered

Percent of People with Each Score

Your Score History

You have not taken this quiz since the last reset